Capitales d'Europe - Mort Subite - Statistiques

Statistiques générales
  • Ce quiz a été pris 703 fois
  • Le résultat moyen est 14 sur 18
Answers on the Grid
Answers color-coded by a green-red scale on the quiz's grid according to % correct below.
Paris
Barcelone
Prague
Cologne
Budapest
Naples
Porto
Bruxelles
Lyon
Athènes
Berlin
Luxembourg
Rotterdam
Anvers
Londres
Amsterdam
Oslo
Cracovie
Bratislava
Varsovie
Munich
Lisbonne
Vilnius
Manchester
Rome
Copenhague
Cork
Helsinki
Glasgow
Vienne
 
Statistiques - réponses
Réponse % Correct
Paris
99%
Berlin
81%
Bruxelles
81%
Budapest
81%
Londres
81%
Amsterdam
80%
Athènes
79%
Prague
79%
Luxembourg
78%
Oslo
78%
Lisbonne
76%
Rome
76%
Helsinki
74%
Copenhague
73%
Varsovie
70%
Vienne
69%
Bratislava
64%
Vilnius
56%
Aucun quiz correspondant
Distribution des résultats
% des personnes avec chaque résultat
Percentile par nombre de réponses
Votre historique - résultats
Vous n’avez pas pris ce quiz